000 00457nam a2200145Ia 4500
008 100122s9999 xx 000 0 und d
082 _b25616
_a823.08
100 _aगोगटे शकुंतला
245 _aमृगजळाची तहान
260 _bराजेश प्रकाशन
_c1977
300 _a141
630 _aमृगजळाची तहान
730 _aमृगजळाची तहान
942 _cBOOK
999 _c412335
_d412332